书目信息 |
| 书名: | Dictionary of foreign terms | |
| 作者: | C.O.Sylvester Mawson. | |
| 分册号: | ||
| 分册名: | 出版地: | New York : |
|
| 出版社: | Barnes and Noble Books | |
| 出版时间: | 1975. | |
| 页数: | 368 p. ; | |
| 开本: | 19 cm. | |
| 丛书名: | ||
| 中图分类号: | ||
| 科图分类号: | ||
| 其他分类号: | H316 | |
| 主题词: | ||
| 电子资源: | ||
| 000 | 00767nam 2200229 a 4500 | |
| 001 | E0739277869 | |
| 005 | 20070302141309.75 | |
| 008 | 001 0 eng | |
| 008 | uu | |
| 008 | uu | |
| 020 | @a0-06-463494-9 :@cCNY1.40. | |
| 040 | @aNLC | |
| 090 | @aH316 | |
| 096 | @aH313.5-61 @v2 | |
| 099 | @dH316@ex85=2 | |
| 245 | 00 | @aDictionary of foreign terms / @cC.O.Sylvester Mawson. |
| 250 | @a2nd ed. | |
| 260 | @aNew York :@bBarnes and Noble Books,@c1975. | |
| 300 | @a368 p. ;@c19 cm. | |
| 700 | 1 | @aMawson, C. O. Sylvester @q(Christopher Orlando Sylvester), @d1870-1938. @b00 @c20020930 @lNLC09 @h2246 @lNLC09 @h2259 @lNLC09 @h1850 @b40 @c20051031 @lNLC09 @h0926 |
| 852 | 9 | @bWWJC @cJ09 @k2G @hH313.5-61 @iDFTE/1975 |
| 852 | 9 | @bGJSS @k2G @hH313.5-61 @iDFTE/1975 |
| Dictionary of foreign terms / / C.O.Sylvester Mawson.-2nd ed.-New York : : Barnes and Noble Books, , 1975. |
| 368 p. ; ; 19 cm. |
| ISBN 0-06-463494-9 :CNY1.40. |
| ● |
| 相关链接 |
|
|
|
|
正题名:Dictionary of foreign terms
索取号:H316/x85=2
 
预约/预借
| 序号 | 登录号 | 条形码 | 馆藏地/架位号 | 状态 | 备注 |
| 1 | 96493 | 001434834 | 密集书库/ [索取号:H316/x85=2] | 在馆 | |
| 2 | 96494 | 001434790 | 密集书库/ [索取号:H316/x85=2] | 在馆 | |
| 3 | 96495 | 001434781 | 密集书库/ [索取号:H316/x85=2] | 在馆 | |
| 4 | 96496 | 001434807 | 密集书库/ [索取号:H316/x85=2] | 在馆 | |
| 5 | 96497 | 001434825 | 第二样本阅览室/ [索取号:H316/x85=2] | 在馆 |